Optimalizácia ekonomického modelu pomocou nástrojov programu MS Excel bakalárska práca

Salvato in:
Dettagli Bibliografici
Autore principale: Bekeová, Kristína
Ente Autore: Fakulta podnikového manažmentu EU. Katedra informačného manažmentu
Altri autori: Černý, Matej, 1982-
Natura: Libro
Lingua:slovacco
Pubblicazione: Bratislava 2020
Tags: Aggiungi Tag
Nessun Tag, puoi essere il primo ad aggiungerne!!

MARC

LEADER 00000nbm a2200000 4500
001 0266186
005 20201126101449.2
041 0 |a slo 
044 |a SK 
245 1 0 |a Optimalizácia ekonomického modelu pomocou nástrojov programu MS Excel  |b bakalárska práca  |c Kristína Bekeová ; školiteľ: Matej Černý 
264 1 |a Bratislava  |c 2020 
300 |a 45 s. 
100 1 |a Bekeová, Kristína 
700 1 |a Černý, Matej, 1982- 
710 2 |a Fakulta podnikového manažmentu EU. Katedra informačného manažmentu